| 000 | 00762pam a2200253 a 4500 | ||
|---|---|---|---|
| 999 |
_c387 _d387 |
||
| 001 | 013801769 | ||
| 003 | UkOxU | ||
| 005 | 20190809083751.0 | ||
| 008 | 981102s1998 enk j 000 0 eng d | ||
| 015 | _aGB 98-76964 | ||
| 020 | _a0435104128 | ||
| 020 | _a9780435104122 | ||
| 035 | _aBNB2515.473 | ||
| 040 |
_aDB/U-1 _cKH8 |
||
| 082 | _a808.81 BAR | ||
| 100 | 1 |
_aBarton, Geoff. _eauthor |
|
| 245 | 1 | 0 |
_aDeveloping poetry skills : _breading poetry 11-14 / _cGeoff Barton. |
| 260 |
_aLondon : _bHeinemann, _c1998. |
||
| 300 |
_a128 p. : _bcol. ill. ; _c27 cm. |
||
| 650 | 0 | _aLanguage arts (Secondary) | |
| 650 | 0 |
_aEnglish poetry _vProblems, exercises, etc. _vJuvenile literature. |
|
| 942 |
_2ddc _cNFIC |
||